| 000 | 01011nam a22003017a 4500 | ||
|---|---|---|---|
| 003 | CHAP | ||
| 005 | 20220329135505.0 | ||
| 008 | 971013s1971 r 00010 d | ||
| 010 | _a37447 | ||
| 011 | _a38419 | ||
| 035 | _a42539 | ||
| 040 | _cCHAP | ||
| 090 | _aFolleto 2590 | ||
| 100 | 0 | 0 |
_aOviedo López, Juan. _984406 |
| 245 | _aEnsayo de rendimiento de cinco zacates y una alfalfa con cuatro calendarios de riego en la Comarca Lagunera | ||
| 260 |
_aTorreón, Coah. : _bCentro de Investigaciones Agrícolas del Noroeste, _c1971 |
||
| 300 | _a8 p. | ||
| 590 |
_aBATCH-UPD _b10 _c20130110 _lUCH01 _h0846 |
||
| 590 |
_aBATCH-UPD _b10 _c20130410 _lUCH01 _h0520 |
||
| 590 |
_aBATCH-UPD _b10 _c20130914 _lUCH01 _h0253 |
||
| 590 |
_aCONVERSION _b10 _c20130109 _lUCH01 _h1321 |
||
| 650 | 1 | 4 |
_aAlfalfa _xRendimiento. _93887 |
| 650 | 1 | 4 |
_aPastos forrajeros. _986094 |
| 700 | 0 |
_aMartínez Parra, Ramón Armando. _972370 |
|
| 901 | _aBK | ||
| 942 | _cFOLL | ||
| 949 |
_aFolleto 2590 _bBC _cFOLL _d-97923 _eTS1 _i42539 _mD _si |
||
| 999 |
_c37447 _d37447 |
||